00720nam a2200241 a 4500001001300000003000900013005001700022008004100039020001000080082001600090100001500106245003800121260006100159300000700220500003500227505003100262650002600293700001500319902000800334942000700342952011600349999001300465nice12345678IN_TiNIC20260116011325.0050524s1968 thaa grp 000 0 eng  ac10000a275.93bWEL aWells, K E aThailand and the Chrisitian Faith aThailandbDept.Of Christian Education and Literatuc1968 a8p aincludes index and biblioraphy2 alight of islam series no.4 aChristianity-Thailand1 aWells, K E bSRS cBK 001040708StackRoom-aHMIbHMId2007-07-19g100.00l0o275.93 WELp03483r2007-07-19v100.00w2005-05-24yBK c520d520